| 000 | 00965nam a2200217Ia 4500 | ||
|---|---|---|---|
| 003 | IN-BaIIA | ||
| 008 | 211028s9999 xx 000 0 eng d | ||
| 020 | _a1-56396-939-4 | ||
| 040 | _cIIA Library | ||
| 080 |
_a524.1(082.2) _bCOS |
||
| 111 |
_aInternational Conference on Cosmic Ray, Invited, Rapporteur and Highlight Papers _n26 _cUtah, USA _d1999 Aug. 17-25 _924155 |
||
| 245 | 0 |
_a26th International cosmic ray conference _bproceedings of international conference on cosmic ray, invited, rapporteur and highlight papers, held in Utah, USA, 17-25 Aug 1999 _cedited by B. L. Dingus, D. B. Kieda and M. H. Salamon |
|
| 260 |
_aMelville _bAmerican Institute of Physics _c2000 |
||
| 300 | _axvii, 407p. | ||
| 490 | _aAIP conference proceedings; vol. 516 | ||
| 650 | _aCosmic rays | ||
| 700 |
_aDingus, B. L., ed. _924156 |
||
| 700 |
_aKieda, D. B., ed. _924157 |
||
| 700 |
_aSalamon, M. H., ed. _924158 |
||
| 942 | _cBK | ||
| 999 |
_c13745 _d13745 |
||